[Event "Turkey Cup 2020"]
[Site "Antalya-Belek"]
[Date "2020.02.01"]
[Round "10.79"]
[White "Kervancioglu, Talu"]
[Black "Yucesoy, Atil"]
[Result "1-0"]
[WhiteElo "1539"]
[BlackElo "1680"]
[Annotator "NA"]
[PlyCount "99"]
[EventDate "2020.01.26"]
[EventType "swiss"]
[EventCountry "TUR"]
[SourceTitle "playchess.com"]
[Source "ChessBase"]
[SourceQuality "1"]

1. e4 e5 2. Nf3 Nf6 3. d4 Nxe4 4. Bd3 d5 5. Nxe5 c5 6. Bb5+ Nd7 7. O-O Bd6 8. Nxd7 Bxd7 9. Bxd7+ Qxd7 10. f3 Nf6 11. Re1+ Be7 12. Be3 O-O 13. dxc5 a5 14. Qd2 Rfd8 15. Bd4 Qc7 16. Qe3 Re8 17. Qf2 Ra6 18. Nc3 Re6 19. Kh1 Bf8 20. Bxf6 gxf6 21. Nxd5 Qxc5 22. Qxc5 Rxe1+ 23. Rxe1 Rxe1+ 24. Qg1 Rxg1+ 25. Kxg1 Kg7 26. Kf1 Kg6 27. Ke2 Kf5 28. Kd3 Bd6 29. Ne3+ Ke6 30. g3 f5 31. Ng2 Kd5 32. Nf4+ Kc5 33. Ne2 h5 34. f4 Kd5 35. Nd4 Bc5 36. Nxf5 Bg1 37. h3 Bh2 38. Ne3+ Kc5 39. Nf1 Bg1 40. g4 hxg4 41. hxg4 Bd4 42. c3 Bg7 43. Ne3 b5 44. g5 b4 45. f5 a4 46. g6 fxg6 47. fxg6 a3 48. bxa3 Bxc3 49. axb4+ Kxb4 50. Nd5+ 1-0

[Event "Turkey Cup 2020"]
[Site "Antalya-Belek"]
[Date "2020.02.01"]
[Round "10.80"]
[White "Ozsarilar, Osman Nuri"]
[Black "Mutlu, Bunyamin"]
[Result "1/2-1/2"]
[WhiteElo "1724"]
[BlackElo "1460"]
[Annotator "NA"]
[PlyCount "95"]
[EventDate "2020.01.26"]
[EventType "swiss"]
[EventCountry "TUR"]
[SourceTitle "playchess.com"]
[Source "ChessBase"]
[SourceQuality "1"]

1. e4 e5 2. Nf3 Nc6 3. Bb5 a6 4. Ba4 Nf6 5. O-O b5 6. Bb3 Be7 7. Re1 O-O 8. a4 Bb7 9. c3 d5 10. axb5 axb5 11. Rxa8 Bxa8 12. exd5 Nxd5 13. Nxe5 Nxe5 14. Rxe5 Nf4 15. d4 Nxg2 16. Qg4 Nh4 17. d5 Bf6 18. Rh5 Kh8 19. Nd2 g6 20. Rh6 Bg5 21. Ne4 Bxh6 22. Bxh6 f5 23. Qf4 Re8 24. Nd2 Re1+ 25. Nf1 c5 26. f3 Qe7 27. Qb8+ Qe8 28. Qxe8+ Rxe8 29. Kf2 c4 30. Bd1 f4 31. d6 Nf5 32. Bxf4 Rd8 33. Ng3 Nxd6 34. Bc2 Kg8 35. Ne4 Nxe4+ 36. fxe4 Kf7 37. Ke3 Kf6 38. h4 Ke6 39. b3 Bc6 40. Bh6 Rd7 41. b4 Rf7 42. Bd1 Ke5 43. Bf3 Bd7 44. Bg5 Bc6 45. Bh6 Rxf3+ 46. Kxf3 Bxe4+ 47. Kg4 Bf5+ 48. Kg5 1/2-1/2

[Event "Turkey Cup 2020"]
[Site "Antalya-Belek"]
[Date "2020.02.01"]
[Round "10.81"]
[White "Caglar, Mehmet Halil"]
[Black "Atabey, Koray Ibrahim"]
[Result "1/2-1/2"]
[WhiteElo "1670"]
[BlackElo "1450"]
[Annotator "NA"]
[PlyCount "152"]
[EventDate "2020.01.26"]
[EventType "swiss"]
[EventCountry "TUR"]
[SourceTitle "playchess.com"]
[Source "ChessBase"]
[SourceQuality "1"]

1. e4 c6 2. d4 d5 3. Nc3 dxe4 4. Nxe4 Bf5 5. Ng3 Bg6 6. Nf3 h6 7. Bc4 e6 8. c3 Nd7 9. Qe2 Ngf6 10. O-O Bd6 11. Re1 O-O 12. Nf1 Nd5 13. h3 Re8 14. Ne3 N7b6 15. Bb3 Nf4 16. Qd1 Nd3 17. Rf1 Nd5 18. Ne1 N5f4 19. Nxd3 Bxd3 20. Re1 Bg6 21. Bc4 Bh5 22. Ng4 Qh4 23. Bxf4 Bxf4 24. Be2 Bxg4 25. Bxg4 Bc7 26. Re3 Rad8 27. Qb3 Bb6 28. Re5 Rd5 29. Rae1 Red8 30. Bf3 Rxe5 31. Rxe5 Qf4 32. Kf1 c5 33. Re4 Qc1+ 34. Re1 Qf4 35. dxc5 Bxc5 36. c4 Rd2 37. Re2 Qd4 38. Qe3 Rd1+ 39. Re1 Qxc4+ 40. Qe2 Rxe1+ 41. Kxe1 Qc1+ 42. Qd1 Bb4+ 43. Kf1 Qxd1+ 44. Bxd1 Kf8 45. Ke2 Ke7 46. Kd3 Kd6 47. Bf3 b6 48. Bh5 g6 49. Bd1 f6 50. Ba4 a6 51. Be8 g5 52. g4 Bc5 53. f3 Ke5 54. Bd7 Kf4 55. Ke2 e5 56. Bc6 a5 57. Kd3 f5 58. Ke2 Bd4 59. b3 e4 60. gxf5 exf3+ 61. Bxf3 Kxf5 62. Bc6 Kf4 63. a4 Kg3 64. Bd7 h5 65. Kf1 g4 66. hxg4 hxg4 67. Be6 Kf4 68. Kg2 g3 69. Bc4 Bf2 70. Be2 Ke3 71. Bc4 Kd4 72. Bf7 Kc3 73. Bc4 Kb4 74. Kf3 Kc5 75. Ke2 Kd4 76. Kf3 Ke5 1/2-1/2

[Event "Turkey Cup 2020"]
[Site "Antalya-Belek"]
[Date "2020.02.01"]
[Round "10.82"]
[White "Yavic, Adnan"]
[Black "Polat, Ahmet Eren"]
[Result "1-0"]
[WhiteElo "1590"]
[BlackElo "1641"]
[Annotator "NA"]
[PlyCount "87"]
[EventDate "2020.01.26"]
[EventType "swiss"]
[EventCountry "TUR"]
[SourceTitle "playchess.com"]
[Source "ChessBase"]
[SourceQuality "1"]

1. e4 c5 2. d4 cxd4 3. Qxd4 Nc6 4. Qe3 d6 5. Nc3 Nf6 6. h3 g6 7. Bd2 Bg7 8. f4 Nd7 9. Nf3 Qb6 10. Qxb6 Nxb6 11. a3 Bd7 12. Bd3 O-O 13. O-O-O Nd4 14. Nxd4 Bxd4 15. g4 Rac8 16. f5 Bc6 17. h4 Nd7 18. h5 Ne5 19. hxg6 fxg6 20. Kb1 Nxd3 21. cxd3 Bxc3 22. Bxc3 e5 23. Rh6 Rcd8 24. Rdh1 gxf5 25. gxf5 Rf7 26. Bb4 d5 27. R6h4 dxe4 28. dxe4 Rg7 29. f6 Rf7 30. Rg1+ Kh8 31. Be7 Rd4 32. Re1 a6 33. Kc1 b6 34. Re3 b5 35. Rc3 Rc4 36. Rxc4 bxc4 37. Kd2 h6 38. Rxh6+ Kg8 39. Ke3 Be8 40. Rg6+ Kh8 41. Rg5 Rh7 42. Rxe5 Rh3+ 43. Kd4 Bb5 44. f7 1-0

[Event "Turkey Cup 2020"]
[Site "Antalya-Belek"]
[Date "2020.02.01"]
[Round "10.84"]
[White "Avanoglu, Nurulllah"]
[Black "Kecili, Mustafa Firat"]
[Result "1-0"]
[WhiteElo "1569"]
[BlackElo "1673"]
[Annotator "NA"]
[PlyCount "105"]
[EventDate "2020.01.26"]
[EventType "swiss"]
[EventCountry "TUR"]
[SourceTitle "playchess.com"]
[Source "ChessBase"]
[SourceQuality "1"]

1. e4 c5 2. Nf3 e6 3. d4 cxd4 4. Nxd4 a6 5. c4 Nf6 6. Nc3 Qc7 7. Be3 Nc6 8. a3 Be7 9. Bd3 O-O 10. Nxc6 bxc6 11. c5 d5 12. exd5 cxd5 13. b4 Qe5 14. Ne2 Qh5 15. h3 e5 16. Ng3 Qxd1+ 17. Rxd1 g6 18. f3 Bd7 19. O-O Bc6 20. Rfe1 Nd7 21. Ne2 f5 22. f4 Ba4 23. Rd2 Rfd8 24. fxe5 Nxe5 25. Nd4 Nxd3 26. Rxd3 a5 27. Bf4 Re8 28. Rde3 Kf7 29. Ne6 Bf6 30. Nc7 Rxe3 31. Rxe3 Rd8 32. Rd3 axb4 33. axb4 d4 34. Ra3 Bc2 35. Kf1 Be4 36. b5 d3 37. Bd6 Be7 38. Ra6 Bf6 39. Ra7 Bxg2+ 40. Kf2 Bd4+ 41. Kxg2 Rxd6 42. Nd5+ Ke6 43. Nf4+ Kf6 44. Nxd3 Re6 45. b6 Bxc5 46. Nxc5 Re2+ 47. Kf3 Rb2 48. b7 g5 49. b8=Q g4+ 50. hxg4 fxg4+ 51. Kxg4 h5+ 52. Kh4 Rxb8 53. Nd7+ 1-0

[Event "Turkey Cup 2020"]
[Site "Antalya-Belek"]
[Date "2020.02.01"]
[Round "10.85"]
[White "Mercanli, Abdullah Gokturk"]
[Black "Fazla, Onder Zafer"]
[Result "0-1"]
[WhiteElo "1474"]
[BlackElo "1646"]
[Annotator "NA"]
[PlyCount "90"]
[EventDate "2020.01.26"]
[EventType "swiss"]
[EventCountry "TUR"]
[SourceTitle "playchess.com"]
[Source "ChessBase"]
[SourceQuality "1"]

1. d4 c5 2. d5 Nf6 3. c4 e6 4. Nc3 exd5 5. cxd5 d6 6. Nf3 g6 7. Bg5 Bg7 8. e4 O-O 9. Bd3 a6 10. a4 Qb6 11. Qc2 Bg4 12. Nd2 Re8 13. f3 Bc8 14. Nc4 Qc7 15. Bf4 Bf8 16. h3 Nbd7 17. O-O Nh5 18. Bh2 Nb6 19. Rae1 Nxc4 20. Bxc4 Bg7 21. f4 Bd7 22. g4 Bd4+ 23. Kh1 Ng7 24. Ne2 Bf6 25. g5 Bd8 26. e5 Bf5 27. Qb3 Rb8 28. Nc3 Bxh3 29. exd6 Qd7 30. Rg1 Bf5 31. Re5 Ba5 32. Rge1 Bxc3 33. bxc3 b5 34. axb5 axb5 35. Bf1 Qxd6 36. Rxe8+ Nxe8 37. Bxb5 Nc7 38. c4 Nxb5 39. cxb5 Rd8 40. Re5 Qb6 41. Bg1 Bd7 42. Qc4 Rc8 43. d6 Bxb5 44. Bxc5 Qb7+ 45. Qe4 Bc6 0-1

[Event "Turkey Cup 2020"]
[Site "Antalya-Belek"]
[Date "2020.02.01"]
[Round "10.86"]
[White "Kayan, Yasar Efe"]
[Black "Kahraman, Yusuf"]
[Result "1-0"]
[WhiteElo "1641"]
[BlackElo "1438"]
[Annotator "NA"]
[PlyCount "59"]
[EventDate "2020.01.26"]
[EventType "swiss"]
[EventCountry "TUR"]
[SourceTitle "playchess.com"]
[Source "ChessBase"]
[SourceQuality "1"]

1. e4 e5 2. Nc3 Nf6 3. g3 Bc5 4. Bg2 Nc6 5. d3 d6 6. Na4 Bb6 7. Nxb6 axb6 8. Ne2 Bg4 9. f3 Be6 10. f4 Bg4 11. h3 Bxe2 12. Qxe2 Qe7 13. O-O O-O-O 14. f5 h6 15. c3 Rdg8 16. b4 g6 17. g4 gxf5 18. exf5 d5 19. a4 e4 20. d4 Nb8 21. a5 bxa5 22. Rxa5 Nc6 23. Rc5 Qd7 24. b5 Nb8 25. Bf4 Ne8 26. c4 dxc4 27. Qxe4 Nd6 28. Bxd6 Qxd6 29. Qxb7+ Kd7 30. Rd5 1-0

[Event "Turkey Cup 2020"]
[Site "Antalya-Belek"]
[Date "2020.02.01"]
[Round "10.87"]
[White "Kalinoglu, Yagiz"]
[Black "Yalcindag, Hakan"]
[Result "1-0"]
[WhiteElo "1304"]
[BlackElo "1488"]
[Annotator "NA"]
[PlyCount "87"]
[EventDate "2020.01.26"]
[EventType "swiss"]
[EventCountry "TUR"]
[SourceTitle "playchess.com"]
[Source "ChessBase"]
[SourceQuality "1"]

1. e4 c5 2. Nf3 d6 3. Bb5+ Bd7 4. Bxd7+ Qxd7 5. c4 Nc6 6. Nc3 Nf6 7. d4 cxd4 8. Nxd4 e6 9. O-O Be7 10. Be3 O-O 11. h3 Rac8 12. Qd2 a6 13. b3 Qc7 14. Rac1 Nd7 15. Rfd1 Qb8 16. Nce2 Rfd8 17. f3 Nf6 18. Nc3 Ne5 19. Qe2 Ng6 20. Bf2 Bf8 21. Bg3 Nh5 22. Bh2 Ngf4 23. Qe3 e5 24. Nde2 d5 25. Nxf4 Bc5 26. Qxc5 Rxc5 27. Nxh5 dxc4 28. bxc4 Rxd1+ 29. Rxd1 f6 30. Nd5 Kf7 31. Ne3 Kg6 32. Ng3 Qe8 33. Rd5 Rc7 34. Ne2 Qa4 35. f4 Qxa2 36. Kf2 exf4 37. Bxf4 Re7 38. Kf3 Qb1 39. Ng3 b5 40. c5 Qb3 41. c6 Qc3 42. Ngf5 Re8 43. c7 Rc8 44. Ne7+ 1-0

[Event "Turkey Cup 2020"]
[Site "Antalya-Belek"]
[Date "2020.02.01"]
[Round "10.88"]
[White "Mermer, Yunus"]
[Black "Ipek, Suat Sukru"]
[Result "1-0"]
[WhiteElo "1592"]
[BlackElo "1561"]
[Annotator "NA"]
[PlyCount "45"]
[EventDate "2020.01.26"]
[EventType "swiss"]
[EventCountry "TUR"]
[SourceTitle "playchess.com"]
[Source "ChessBase"]
[SourceQuality "1"]

1. d4 Nf6 2. c4 g6 3. Nc3 Bg7 4. e4 d6 5. f4 O-O 6. Nf3 Nbd7 7. e5 Ne8 8. c5 e6 9. h4 Qe7 10. cxd6 cxd6 11. h5 b6 12. hxg6 fxg6 13. Bc4 d5 14. Nxd5 exd5 15. Bxd5+ Kh8 16. Bxa8 Nc7 17. Be4 Kg8 18. Qb3+ Qe6 19. Qxe6+ Nxe6 20. Bd5 Re8 21. g4 Kh8 22. Bxe6 Rxe6 23. Rxh7+ 1-0

[Event "Turkey Cup 2020"]
[Site "Antalya-Belek"]
[Date "2020.02.01"]
[Round "10.89"]
[White "Gundogan, Sinem Cagla"]
[Black "Yalovali, Gorkem"]
[Result "1-0"]
[WhiteElo "1808"]
[BlackElo "1420"]
[Annotator "NA"]
[PlyCount "47"]
[EventDate "2020.01.26"]
[EventType "swiss"]
[EventCountry "TUR"]
[SourceTitle "playchess.com"]
[Source "ChessBase"]
[SourceQuality "1"]

1. e4 e6 2. d3 d5 3. Nd2 c5 4. Ngf3 g6 5. g3 Bg7 6. Bg2 Ne7 7. O-O O-O 8. Re1 Nbc6 9. Qe2 b5 10. h4 a5 11. Nf1 Bb7 12. e5 a4 13. Bf4 a3 14. b3 b4 15. h5 Nf5 16. Bg5 Qc7 17. hxg6 hxg6 18. N1h2 Rfc8 19. Ng4 Kf8 20. Qd2 Ke8 21. Nf6+ Kf8 22. g4 Nfe7 23. Bh6 Ng8 24. Nh7+ 1-0

[Event "Turkey Cup 2020"]
[Site "Antalya-Belek"]
[Date "2020.02.01"]
[Round "10.91"]
[White "Pek, Efe Can"]
[Black "Koca, Cisem"]
[Result "1/2-1/2"]
[WhiteElo "1602"]
[BlackElo "1643"]
[Annotator "NA"]
[PlyCount "63"]
[EventDate "2020.01.26"]
[EventType "swiss"]
[EventCountry "TUR"]
[SourceTitle "playchess.com"]
[Source "ChessBase"]
[SourceQuality "1"]

1. e4 c5 2. Nf3 e6 3. d4 cxd4 4. Nxd4 a6 5. c4 Nf6 6. Nc3 Qc7 7. Bd3 Bb4 8. O-O O-O 9. Be3 Bxc3 10. bxc3 d6 11. f4 Nbd7 12. Nb3 b6 13. Qf3 Bb7 14. Rae1 a5 15. Bf2 Ba6 16. Nd2 Nc5 17. Bc2 Rac8 18. e5 Nfd7 19. Qh3 h6 20. Bd4 dxe5 21. fxe5 Nb8 22. Rf3 Nc6 23. Rg3 Kh8 24. Ree3 Rg8 25. Rxg7 Kxg7 26. Rg3+ Kf8 27. Qxh6+ Ke7 28. Bxc5+ bxc5 29. Qf6+ Kf8 30. Qh6+ Ke7 31. Qf6+ Kf8 32. Qh6+ 1/2-1/2

[Event "Turkey Cup 2020"]
[Site "Antalya-Belek"]
[Date "2020.02.01"]
[Round "10.92"]
[White "Yakar, Azat"]
[Black "Atayman, Evren"]
[Result "1/2-1/2"]
[WhiteElo "1469"]
[BlackElo "1596"]
[Annotator "NA"]
[PlyCount "93"]
[EventDate "2020.01.26"]
[EventType "swiss"]
[EventCountry "TUR"]
[SourceTitle "playchess.com"]
[Source "ChessBase"]
[SourceQuality "1"]

1. e4 c5 2. Nf3 d6 3. g3 Nf6 4. d3 g6 5. Bg2 Bg7 6. O-O O-O 7. c3 Nc6 8. Re1 Qc7 9. d4 cxd4 10. cxd4 d5 11. e5 Ne4 12. Ng5 Nxg5 13. Bxg5 h6 14. Be3 e6 15. Qd2 Kh7 16. Nc3 a6 17. h4 Ne7 18. Rac1 Qd8 19. Bf1 Nf5 20. Bf4 Bd7 21. Nd1 Rc8 22. Ne3 Qb6 23. Nxf5 gxf5 24. Bd3 Bb5 25. Bb1 Rc4 26. Rxc4 dxc4 27. d5 Rd8 28. d6 Qc6 29. Re3 Qd7 30. Qb4 Bc6 31. Qxc4 Rc8 32. Rc3 f6 33. Bxf5+ exf5 34. e6 Qe8 35. Qe2 Bb5 36. Rxc8 Qxc8 37. d7 Bxd7 38. exd7 Qxd7 39. Qd2 Qe6 40. b3 Qe4 41. Be3 h5 42. Qd1 Kg6 43. Qd2 Bf8 44. Kh2 Be7 45. Qd7 Kf7 46. Qd1 Kg6 47. Qd7 1/2-1/2

[Event "Turkey Cup 2020"]
[Site "Antalya-Belek"]
[Date "2020.02.01"]
[Round "10.93"]
[White "Ilcin, Murat Veysi"]
[Black "Atasoy, Ata"]
[Result "0-1"]
[WhiteElo "1605"]
[BlackElo "1527"]
[Annotator "NA"]
[PlyCount "96"]
[EventDate "2020.01.26"]
[EventType "swiss"]
[EventCountry "TUR"]
[SourceTitle "playchess.com"]
[Source "ChessBase"]
[SourceQuality "1"]

1. d4 Nf6 2. c4 g6 3. Nc3 d5 4. Bg5 Bg7 5. e3 dxc4 6. Bxc4 O-O 7. Nf3 c5 8. d5 Qb6 9. Qd2 Bf5 10. O-O h6 11. Bh4 g5 12. Bg3 Ne4 13. Nxe4 Bxe4 14. Ne5 Bxe5 15. Bxe5 Rd8 16. f3 Bxd5 17. Bxd5 e6 18. e4 exd5 19. exd5 Nc6 20. Bg3 Nd4 21. d6 Rd7 22. Rad1 Rad8 23. Rfe1 Nf5 24. Be5 Nxd6 25. Qc1 Nb5 26. Rxd7 Rxd7 27. f4 f6 28. Qc4+ Kg7 29. Bc3 Nxc3 30. bxc3 Qd6 31. fxg5 hxg5 32. h3 b6 33. Re6 Qg3 34. Qe2 Qxc3 35. Kh2 Kg6 36. Qe4+ Kf7 37. Re8 Kg7 38. Qa8 Qc4 39. Re4 Qxa2 40. h4 Qd5 41. Qe8 Qf7 42. Qc8 Re7 43. Rg4 Qe6 44. Qd8 Rd7 45. Rxg5+ fxg5 46. Qxg5+ Qg6 47. Qe5+ Qf6 48. Qg3+ Kf7 0-1

[Event "Turkey Cup 2020"]
[Site "Antalya-Belek"]
[Date "2020.02.01"]
[Round "10.94"]
[White "Yanikoglu, Omer"]
[Black "Saglam, Baver"]
[Result "1-0"]
[WhiteElo "1635"]
[BlackElo "1364"]
[Annotator "NA"]
[PlyCount "71"]
[EventDate "2020.01.26"]
[EventType "swiss"]
[EventCountry "TUR"]
[SourceTitle "playchess.com"]
[Source "ChessBase"]
[SourceQuality "1"]

1. Nf3 Nf6 2. d4 d5 3. c4 e6 4. Nc3 Be7 5. Bg5 O-O 6. e3 h6 7. Bh4 Nbd7 8. Bd3 c5 9. O-O a6 10. cxd5 exd5 11. dxc5 Nxc5 12. Bc2 Be6 13. Ne5 Rc8 14. Rc1 b5 15. a3 g5 16. Bg3 Ncd7 17. Nxd7 Qxd7 18. Qd3 Bd6 19. f4 Ne4 20. Nxd5 Bxd5 21. Qxd5 Nxg3 22. hxg3 Rc5 23. Bh7+ Kxh7 24. Rxc5 Qe7 25. Qd3+ Kg7 26. Rd5 Bb8 27. fxg5 hxg5 28. Rff5 Kh6 29. Rd7 Qe6 30. e4 f6 31. Qd5 Qb6+ 32. Kh2 Kg6 33. Kh3 Qg1 34. Rxf6+ Rxf6 35. Qg8+ Kh5 36. Rh7+ 1-0

[Event "Turkey Cup 2020"]
[Site "Antalya-Belek"]
[Date "2020.02.01"]
[Round "10.95"]
[White "Bilgin, Kaan Bora"]
[Black "Kaynar, Mustafa Deniz"]
[Result "1-0"]
[WhiteElo "1267"]
[BlackElo "1555"]
[Annotator "NA"]
[PlyCount "109"]
[EventDate "2020.01.26"]
[EventType "swiss"]
[EventCountry "TUR"]
[SourceTitle "playchess.com"]
[Source "ChessBase"]
[SourceQuality "1"]

1. e4 c5 2. Nf3 g6 3. d4 cxd4 4. Nxd4 Bg7 5. Nc3 d6 6. Be3 Nf6 7. h3 Nc6 8. Bc4 O-O 9. Bb3 Bd7 10. O-O Rc8 11. Re1 Qa5 12. Nd5 Rfe8 13. Nxc6 Bxc6 14. Nxf6+ Bxf6 15. Bd4 Bxd4 16. Qxd4 Qc5 17. Qxc5 dxc5 18. Rad1 Rcd8 19. f3 Kg7 20. Kf2 Bb5 21. c3 c4 22. Bc2 e5 23. Ke3 Kf6 24. Rf1 Ke6 25. b3 Rc8 26. b4 f5 27. a4 Bc6 28. b5 Bd7 29. Rd5 fxe4 30. Bxe4 Rc7 31. Rfd1 Rec8 32. a5 h5 33. b6 axb6 34. axb6 Rc6 35. Rxd7 Rxb6 36. Rxb7 Rxb7 37. Bxb7 Rc5 38. Ke4 Rb5 39. Bd5+ Kf6 40. Bxc4 Rc5 41. Kd3 Kf5 42. Re1 Kf4 43. Bf7 Rc6 44. Re4+ Kg3 45. Rxe5 Kxg2 46. Rg5+ Kxh3 47. Bxg6 Rd6+ 48. Ke2 Rc6 49. Kf2 h4 50. Bf5+ Kh2 51. Rg2+ Kh1 52. Be4 h3 53. Rg1+ Kh2 54. f4 Rg6 55. Rh1# 1-0

[Event "Turkey Cup 2020"]
[Site "Antalya-Belek"]
[Date "2020.02.01"]
[Round "10.96"]
[White "Gursu, Ahmet Burak"]
[Black "Araboga, Mesut"]
[Result "1-0"]
[WhiteElo "1297"]
[BlackElo "1627"]
[Annotator "NA"]
[PlyCount "127"]
[EventDate "2020.01.26"]
[EventType "swiss"]
[EventCountry "TUR"]
[SourceTitle "playchess.com"]
[Source "ChessBase"]
[SourceQuality "1"]

1. e4 e6 2. d4 d5 3. Nc3 Nf6 4. e5 Nfd7 5. f4 c5 6. Nf3 Nc6 7. Be3 Be7 8. Qd2 f6 9. O-O-O cxd4 10. Nxd4 Nxd4 11. Bxd4 fxe5 12. fxe5 O-O 13. Kb1 Nb6 14. Bd3 Bd7 15. h4 Rc8 16. Qe2 Nc4 17. Qh5 g6 18. Bxg6 hxg6 19. Qxg6+ Kh8 20. Qh6+ Kg8 21. Rh3 Rf5 22. Rg3+ Bg5 23. Rxg5+ Rxg5 24. hxg5 Qf8 25. Qf6 Qg7 26. b3 Nb6 27. Rf1 Rf8 28. Qxf8+ Qxf8 29. Rxf8+ Kxf8 30. Bxb6 axb6 31. Ne2 Kg7 32. Nf4 Kf7 33. Kc1 Ke7 34. Kd2 Bb5 35. Kc3 Be8 36. Kd4 Bd7 37. Ke3 Kf7 38. Kf3 Kg7 39. Kg4 b5 40. b4 d4 41. g6 Kh6 42. Ne2 Bc6 43. Nxd4 Bd5 44. a3 Kxg6 45. Kf4 Bc4 46. g4 Kh6 47. Nf3 Be2 48. Ng5 Bc4 49. Nf7+ Kg6 50. Nd6 Bd5 51. Nxb5 Bh1 52. Nc7 Kf7 53. Kg5 Be4 54. c4 Bd3 55. Nb5 Ke7 56. Nd6 b6 57. a4 Bc2 58. a5 bxa5 59. bxa5 Ba4 60. Kh6 Kf8 61. a6 Bc6 62. a7 Ba8 63. Nc8 Bf3 64. Nb6 1-0

[Event "Turkey Cup 2020"]
[Site "Antalya-Belek"]
[Date "2020.02.01"]
[Round "10.97"]
[White "Satiroglu, Kaan"]
[Black "Oz, Dindar"]
[Result "0-1"]
[WhiteElo "1640"]
[BlackElo "1603"]
[Annotator "NA"]
[PlyCount "124"]
[EventDate "2020.01.26"]
[EventType "swiss"]
[EventCountry "TUR"]
[SourceTitle "playchess.com"]
[Source "ChessBase"]
[SourceQuality "1"]

1. e4 d5 2. exd5 Qxd5 3. Nc3 Qd8 4. d4 Nf6 5. Bc4 a6 6. Nf3 b5 7. Bb3 c5 8. dxc5 Qxd1+ 9. Nxd1 e6 10. a4 b4 11. a5 Bxc5 12. Be3 Nbd7 13. Ba4 O-O 14. Bc6 Ra7 15. Nd2 Rc7 16. Bf3 Bb7 17. Bxb7 Rxb7 18. Nb3 Bd6 19. Bc1 Nd5 20. Ne3 N7f6 21. Nxd5 Nxd5 22. Bd2 Rc8 23. Kd1 Be5 24. Rb1 Rbc7 25. Rf1 Rxc2 26. Bc3 R2xc3 27. bxc3 Nxc3+ 28. Kd2 Nxb1+ 29. Rxb1 f5 30. Kd3 Kf7 31. Nd2 Bc3 32. Nc4 Rd8+ 33. Ke3 f4+ 34. Kf3 Kf6 35. g3 Rd4 36. Nb6 g5 37. h3 h5 38. Na4 fxg3 39. Kxg3 h4+ 40. Kf3 Rd3+ 41. Kg2 Rd5 42. Rb3 Bd2 43. Nb2 Rxa5 44. Nc4 Rd5 45. Nxd2 Rxd2 46. Rxb4 Ra2 47. Rb8 a5 48. Rf8+ Ke7 49. Rg8 Kf6 50. Rf8+ Kg7 51. Re8 Kf7 52. Ra8 a4 53. Ra5 Kf6 54. Kf3 a3 55. Kg4 Ra1 56. Kh5 a2 57. f3 e5 58. Ra6+ Kf5 59. Ra4 Rf1 60. Rxa2 Rxf3 61. Ra8 Rg3 62. Ra5 Kf4 0-1

[Event "Turkey Cup 2020"]
[Site "Antalya-Belek"]
[Date "2020.02.01"]
[Round "10.98"]
[White "Uslu, Mehmet"]
[Black "Atik, Muhammed Ihsan"]
[Result "1/2-1/2"]
[WhiteElo "1402"]
[BlackElo "1585"]
[Annotator "NA"]
[PlyCount "48"]
[EventDate "2020.01.26"]
[EventType "swiss"]
[EventCountry "TUR"]
[SourceTitle "playchess.com"]
[Source "ChessBase"]
[SourceQuality "1"]

1. e4 c5 2. d4 cxd4 3. c3 dxc3 4. Nxc3 Nc6 5. Nf3 g6 6. Bc4 Bg7 7. O-O d6 8. Qe2 Nf6 9. Rd1 Bg4 10. Bf4 e5 11. Be3 O-O 12. Bc5 Ne8 13. Nb5 Qa5 14. b4 Nxb4 15. Bxd6 Nxd6 16. Nxd6 Qc7 17. Rab1 Bxf3 18. Qxf3 a5 19. a3 Rad8 20. axb4 Rxd6 21. Rxd6 Qxd6 22. bxa5 Qc5 23. Qb3 Qxa5 24. Qxb7 Qc5 1/2-1/2

[Event "Turkey Cup 2020"]
[Site "Antalya-Belek"]
[Date "2020.02.01"]
[Round "10.99"]
[White "Topcuoglu, Ata"]
[Black "Sulak, Yusuf"]
[Result "1-0"]
[WhiteElo "1721"]
[BlackElo "1556"]
[Annotator "NA"]
[PlyCount "52"]
[EventDate "2020.01.26"]
[EventType "swiss"]
[EventCountry "TUR"]
[SourceTitle "playchess.com"]
[Source "ChessBase"]
[SourceQuality "1"]

1. f4 e5 2. fxe5 d6 3. Nf3 g5 4. h3 Nc6 5. d4 g4 6. hxg4 Bxg4 7. e4 dxe5 8. d5 Nce7 9. Be2 Bg7 10. c4 Qd6 11. Be3 b6 12. Nc3 a6 13. a3 f5 14. Ng5 Bxe2 15. Qxe2 Qg6 16. Ne6 Rc8 17. O-O-O Nf6 18. c5 b5 19. d6 Nc6 20. exf5 Qf7 21. dxc7 Rxc7 22. Nxc7+ Qxc7 23. g4 b4 24. axb4 Nxb4 25. Qc4 Nxg4 26. Qxg4 Bf8 1-0

[Event "Turkey Cup 2020"]
[Site "Antalya-Belek"]
[Date "2020.02.01"]
[Round "10.101"]
[White "Bulut, Nazim"]
[Black "Mangal, Ali"]
[Result "1/2-1/2"]
[WhiteElo "1506"]
[BlackElo "1702"]
[Annotator "NA RC"]
[PlyCount "24"]
[EventDate "2020.01.26"]
[EventType "swiss"]
[EventCountry "TUR"]
[SourceTitle "playchess.com"]
[Source "ChessBase"]
[SourceQuality "1"]

1. e4 e5 2. Nf3 Nc6 3. Nc3 Bc5 4. Bc4 Nf6 5. O-O d6 6. d3 Bg4 7. Bg5 Nd4 8. Nd5 h6 9. Bh4 g5 10. Bg3 Nxd5 11. Bxd5 c6 12. Bb3 Qf6 1/2-1/2

[Event "Turkey Cup 2020"]
[Site "Antalya-Belek"]
[Date "2020.02.01"]
[Round "10.102"]
[White "Cebis, Ahmet"]
[Black "Turan, Fatih"]
[Result "1-0"]
[WhiteElo "1512"]
[BlackElo "1354"]
[Annotator "NA"]
[PlyCount "105"]
[EventDate "2020.01.26"]
[EventType "swiss"]
[EventCountry "TUR"]
[SourceTitle "playchess.com"]
[Source "ChessBase"]
[SourceQuality "1"]

1. e4 e5 2. Nf3 Nc6 3. Bc4 Nf6 4. O-O Be7 5. d3 O-O 6. c3 d5 7. exd5 Nxd5 8. Re1 Bf6 9. Nbd2 g6 10. Ne4 Bg7 11. h3 a6 12. a4 h6 13. Bd2 Nf4 14. Bxf4 exf4 15. d4 Re8 16. Qc2 Bf5 17. Re2 Kf8 18. Rae1 b6 19. b4 Qd7 20. Nh4 Bxh3 21. gxh3 Qxh3 22. Bd5 Qxh4 23. Bxc6 Qg4+ 24. Ng3 Rxe2 25. Qxe2 Qxe2 26. Nxe2 Rd8 27. Nxf4 Bf6 28. Nd5 Bg5 29. f4 Bh4 30. Re2 a5 31. b5 Bg3 32. Kg2 Bh4 33. Nxc7 Be7 34. Nd5 Bd6 35. Kf3 Rb8 36. Nf6 Rd8 37. Nd7+ Kg7 38. Nxb6 g5 39. fxg5 hxg5 40. Re8 Rxe8 41. Bxe8 f5 42. Bh5 Kf6 43. Nc4 Bc7 44. b6 Bd8 45. b7 Bc7 46. Nxa5 Ke6 47. Nc6 Kd5 48. b8=Q Bxb8 49. Nxb8 Kc4 50. Nc6 Kd5 51. Ne7+ Kc4 52. Nxf5 Kxc3 53. d5 1-0

[Event "Turkey Cup 2020"]
[Site "Antalya-Belek"]
[Date "2020.02.02"]
[Round "11.1"]
[White "Yilmazyerli, Mert"]
[Black "Ozen, Deniz"]
[Result "1/2-1/2"]
[WhiteElo "2411"]
[BlackElo "2423"]
[Annotator "TA"]
[PlyCount "37"]
[EventDate "2020.01.26"]
[EventType "swiss"]
[EventCountry "TUR"]
[SourceTitle "playchess.com"]
[Source "ChessBase"]
[SourceQuality "1"]

1. d4 d5 2. c4 c6 3. cxd5 cxd5 4. Nc3 Nf6 5. Nf3 Nc6 6. Bf4 Bf5 7. e3 e6 8. Qb3 Bb4 9. Bb5 O-O 10. Bxc6 Bxc3+ 11. Qxc3 Rc8 12. Ne5 Ng4 13. Nxg4 Bxg4 14. Qb4 Rxc6 15. Qxb7 Qc8 16. Qxc8 Rfxc8 17. O-O a5 18. b3 f6 19. f3 1/2-1/2

[Event "Turkey Cup 2020"]
[Site "Antalya-Belek"]
[Date "2020.02.02"]
[Round "11.2"]
[White "Tarlabasi, Emirhan"]
[Black "Yurtseven, Melih"]
[Result "1/2-1/2"]
[WhiteElo "2274"]
[BlackElo "2385"]
[Annotator "TA"]
[PlyCount "42"]
[EventDate "2020.01.26"]
[EventType "swiss"]
[EventCountry "TUR"]
[SourceTitle "playchess.com"]
[Source "ChessBase"]
[SourceQuality "1"]

1. d4 Nf6 2. c4 g6 3. Nc3 Bg7 4. e4 O-O 5. f4 d6 6. Nf3 Na6 7. Be2 Bg4 8. O-O Nd7 9. Be3 c5 10. d5 Nc7 11. h3 Bxf3 12. Bxf3 Rb8 13. a4 a6 14. Be2 Re8 15. f5 Ne5 16. h4 Rf8 17. Qd2 Ne8 18. Bf4 Qa5 19. Ra3 Bf6 20. Rb3 Nd7 21. h5 Bd4+ 1/2-1/2